গণিতকোষ / (Record no. 13792)
[ view plain ]
| 000 -LEADER | |
|---|---|
| fixed length control field | 00615nam a2200229 a 4500 |
| 001 - CONTROL NUMBER | |
| JCCL Control Number | 13792 |
| 003 - CONTROL NUMBER IDENTIFIER | |
| JCCL marc code | BD-JhCC |
| 005 - DATE AND TIME OF LATEST TRANSACTION | |
| control field | 20240322111626.0 |
| 008 - FIXED-LENGTH DATA ELEMENTS--GENERAL INFORMATION | |
| fixed length control field | 240322b 2023b |||| ||a| 001 0 b d |
| 020 ## - INTERNATIONAL STANDARD BOOK NUMBER | |
| International Standard Book Number | 9789849724377 |
| 035 ## - SYSTEM CONTROL NUMBER | |
| system control number | (BD-JhCC)13792 |
| 040 ## - CATALOGING SOURCE | |
| Original cataloging agency | BD-JhCC |
| Modifying agency | BD-JhCC |
| 041 ## - LANGUAGE CODE | |
| Language code of Book | ben |
| 082 ## - DEWEY DECIMAL CLASSIFICATION NUMBER | |
| Classification number | 510.55 |
| Author mark and Year | ISL 2023 |
| 100 ## - MAIN ENTRY--PERSONAL NAME | |
| Personal name | ইসলাম, সফিক |
| 245 ## - TITLE STATEMENT | |
| Title | গণিতকোষ / |
| Remainder of title | সফিক ইসলাম |
| 260 ## - PUBLICATION, DISTRIBUTION, ETC. (IMPRINT) | |
| Place of publication, distribution, etc | ঢাকা: |
| Name of publisher, distributor, etc | কথাপ্রকাশ; |
| Date of publication, distribution, etc | 2023. |
| 300 ## - PHYSICAL DESCRIPTION | |
| Pagination | 503 p. : |
| Dimensions | 22 cm. |
| 650 ## - SUBJECT ADDED ENTRY--TOPICAL TERM | |
| Topical term or geographic name as entry element | গণিত |
| 942 ## - ADDED ENTRY ELEMENTS (KOHA) | |
| Source of classification or shelving scheme | Dewey Decimal Classification |
| Koha item type | Books |
| Source of classification or shelving scheme | Damaged status | Not for loan | Home library | Current library | Shelving location | Date of accession | Cost, normal purchase price | Total Checkouts | Full call number | Barcode | Date last seen | Date checked out | Copy number | Method of acquisition | Koha item type | Currency |
|---|---|---|---|---|---|---|---|---|---|---|---|---|---|---|---|---|
| Dewey Decimal Classification | JCC Rouf Library | JCC Rouf Library | General Stacks | 1000.00 | 2 | 510.55 ISL 2023 | 18851 | 12/12/2024 | 12/11/2024 | C-1 | Purchase | Books | BDT | |||
| Dewey Decimal Classification | JCC Rouf Library | JCC Rouf Library | General Stacks | 1000.00 | 510.55 ISL 2023 | 18852 | 03/22/2024 | C-2 | Purchase | Books | BDT |